000 00485nam a2200169Ia 4500
008 090201s9999 xx 000 0 und d
010 _aKPL-44733
040 _bमराठी
041 _aमराठी
082 _a32322
_b44733
100 _aजयंत रानडे
245 _aफितुर
_cजयंत रानडे
260 _c2004
_bरावजी प्रकाशन
300 _a212
_bमोठा
600 _aफितुर
942 _cBOOK
999 _c230664
_d230664